=LDR 00000nam 2200000 4500 =001 NUTBA000000000004381 =005 20140911160334.0 =006 =007 =008 =020 ##$$a 978-979-610-241-9 =035 ##$$a 0010-091400000000414 =040 ##$$a NBPDMAT =082 ##$$a Taufiq Fahruruzi =090 ##$$a Super genius olimpiade sains SD / $c M. Taufiq Fahrozi =100 ##$$a Taufiq Fahruruzi =245 ##$$a Super genius olimpiade sains SD / $c M. Taufiq Fahrurozi STP =260 ##$$a Yogyakarta: $b Pustaka Widyatama, $c 2008 =300 ##$$a viii, 208 hlm. ; $c 28 cm. =650 ##$$a Sains SD-Ujian Soal =990 ##$$a 21408652